000 00721nam a2200181Ia 4500
008 090630s9999 xx 000 0 und d
082 _b17238
100 _aखाडीलकर उषा.
245 _aसरावासाठी इंग्रजी संभाषण कला.
_cखाडीलकर उषा.
260 _bमनोरमा - मुंबई.
300 _a0
600 _aखाडीलकर उषा.
630 _aसरावासाठी इंग्रजी संभाषण कला.
655 _aइतर.
700 _aखाडीलकर उषा.
730 _aसरावासाठी इंग्रजी संभाषण कला.
942 _cBOOK
999 _c269094
_d269094